| 000 | 00717nam a22002297a 4500 | ||
|---|---|---|---|
| 003 | OSt | ||
| 005 | 20260610123808.0 | ||
| 008 | 260610b |||||||| |||| 00| 0 eng d | ||
| 020 | _a0915811448 | ||
| 040 | _cChuka University Library | ||
| 050 |
_aLB 1027 _b.L0 1993 |
||
| 100 |
_aLoomans Diane _928211 |
||
| 245 |
_aThe Laughing Classroom _bEveryone's Guide to Teaching With Humor and Play |
||
| 260 |
_aCalifornia _bH J Kramer, Inc. _c1993 |
||
| 300 |
_a220p _bIllustrations |
||
| 650 |
_aTeaching _99404 |
||
| 650 |
_aHumor in Education _928212 |
||
| 650 |
_aTeacher-Student Relationships _927752 |
||
| 650 |
_aClassroom Management _911400 |
||
| 700 |
_aKaren J. Kolberg (Author) _928213 |
||
| 942 |
_2lcc _cBK _n0 |
||
| 999 |
_c23791 _d23791 |
||